<?xml version="1.0" encoding="UTF-8"?>
<record
    xmlns:xsi="http://www.w3.org/2001/XMLSchema-instance"
    xsi:schemaLocation="http://www.loc.gov/MARC21/slim http://www.loc.gov/standards/marcxml/schema/MARC21slim.xsd"
    xmlns="http://www.loc.gov/MARC21/slim">

  <leader>01577nas a2200277 a 4500</leader>
  <controlfield tag="005">20250415094009.0</controlfield>
  <controlfield tag="007">ta</controlfield>
  <controlfield tag="008">250127e2009    DR |n|p|r||||||0| | spa d</controlfield>
  <datafield tag="022" ind1=" " ind2=" ">
    <subfield code="a">2636-1981</subfield>
  </datafield>
  <datafield tag="040" ind1=" " ind2=" ">
    <subfield code="a">DO-SdBNP</subfield>
    <subfield code="c">DO-SdBNP</subfield>
    <subfield code="e">rda</subfield>
  </datafield>
  <datafield tag="041" ind1=" " ind2=" ">
    <subfield code="h">spa</subfield>
  </datafield>
  <datafield tag="110" ind1=" " ind2=" ">
    <subfield code="a">Sociedad Dominicana de Geolog&#xED;a (SODOGEO)</subfield>
    <subfield code="9">86920</subfield>
  </datafield>
  <datafield tag="245" ind1=" " ind2=" ">
    <subfield code="a">Geo noticias /</subfield>
    <subfield code="c">Sociedad Dominicana de Geolog&#xED;a</subfield>
  </datafield>
  <datafield tag="264" ind1=" " ind2=" ">
    <subfield code="a">Santo Domingo, Rep&#xFA;blica Dominicana :</subfield>
    <subfield code="b">Sociedad Dominicana de Geolog&#xED;a, SODOGEO, </subfield>
    <subfield code="c">2009.</subfield>
  </datafield>
  <datafield tag="300" ind1=" " ind2=" ">
    <subfield code="a">volumen : </subfield>
    <subfield code="b">ilustraciones, fotograf&#xED;as, gr&#xE1;ficas, mapas ;</subfield>
    <subfield code="c">28 cm.</subfield>
  </datafield>
  <datafield tag="310" ind1=" " ind2=" ">
    <subfield code="a">Irregular.</subfield>
  </datafield>
  <datafield tag="336" ind1=" " ind2=" ">
    <subfield code="a">texto</subfield>
    <subfield code="b">txt</subfield>
    <subfield code="2">rdaconten</subfield>
  </datafield>
  <datafield tag="337" ind1=" " ind2=" ">
    <subfield code="a">sin mediaci&#xF3;n</subfield>
    <subfield code="b">n</subfield>
    <subfield code="2">rdamedia</subfield>
  </datafield>
  <datafield tag="338" ind1=" " ind2=" ">
    <subfield code="a">volumen</subfield>
    <subfield code="b">nc</subfield>
    <subfield code="2">rdacarrier</subfield>
  </datafield>
  <datafield tag="362" ind1=" " ind2=" ">
    <subfield code="a">Volumen 6. No. 24. Mayo 2009.</subfield>
  </datafield>
  <datafield tag="520" ind1=" " ind2=" ">
    <subfield code="a">Sodogeo ente multiplicador en el conocimiento de las Ciencias de la Tierra. La Sociedad Dominicana de Geolog&#xED;a ha sido 
desde sus inicios un organismo que aglutina la mayor&#xED;a de los profesionales de las Ciencias de la Tierra en la Republica Dominicana, adem&#xE1;s es el &#xFA;nico organismo que difunde las geociencias con la publicaci&#xF3;n y organizaci&#xF3;n de eventos como charlas, excursiones de campo, conferencias nacionales e internacionales sobre las investigaciones geo cient&#xED;ficas y mineras en todo el caribe y Republica Dominicana.</subfield>
  </datafield>
  <datafield tag="650" ind1=" " ind2="0">
    <subfield code="a">Noticias</subfield>
    <subfield code="9">49</subfield>
    <subfield code="v">Publicaciones peri&#xF3;dicas </subfield>
  </datafield>
  <datafield tag="650" ind1=" " ind2="0">
    <subfield code="a">Geolog&#xED;a</subfield>
    <subfield code="9">26253</subfield>
    <subfield code="v">Publicaciones peri&#xF3;dicas </subfield>
    <subfield code="z">Rep&#xFA;blica Dominicana</subfield>
  </datafield>
  <datafield tag="856" ind1=" " ind2=" ">
    <subfield code="a">En linea</subfield>
    <subfield code="u">http://redciencia.cu/geobiblio/paper/2009_Boletin_Geo25_Dominicana_Carib.pdf</subfield>
  </datafield>
  <datafield tag="942" ind1=" " ind2=" ">
    <subfield code="2">ddc</subfield>
    <subfield code="c">ISSUE</subfield>
  </datafield>
  <datafield tag="952" ind1=" " ind2=" ">
    <subfield code="0">0</subfield>
    <subfield code="1">0</subfield>
    <subfield code="2">ddc</subfield>
    <subfield code="4">0</subfield>
    <subfield code="5">6</subfield>
    <subfield code="7">0</subfield>
    <subfield code="8">SE</subfield>
    <subfield code="a">BNPHU</subfield>
    <subfield code="b">BNPHU</subfield>
    <subfield code="d">2025-01-27</subfield>
    <subfield code="h">Volumen 6.  No. 24. Mayo 2009</subfield>
    <subfield code="l">0</subfield>
    <subfield code="p">2025-0488</subfield>
    <subfield code="r">2025-01-27</subfield>
    <subfield code="t">e.1</subfield>
    <subfield code="w">2025-01-27</subfield>
    <subfield code="y">ISSUE</subfield>
  </datafield>
  <datafield tag="952" ind1=" " ind2=" ">
    <subfield code="0">0</subfield>
    <subfield code="1">0</subfield>
    <subfield code="2">ddc</subfield>
    <subfield code="4">0</subfield>
    <subfield code="5">6</subfield>
    <subfield code="7">0</subfield>
    <subfield code="8">SE</subfield>
    <subfield code="a">BNPHU</subfield>
    <subfield code="b">BNPHU</subfield>
    <subfield code="d">2025-01-27</subfield>
    <subfield code="h">Volumen 6. No. 24. Mayo 2009</subfield>
    <subfield code="l">0</subfield>
    <subfield code="p">2025-0489</subfield>
    <subfield code="r">2025-01-27</subfield>
    <subfield code="t">e.2</subfield>
    <subfield code="w">2025-01-27</subfield>
    <subfield code="y">ISSUE</subfield>
  </datafield>
  <datafield tag="952" ind1=" " ind2=" ">
    <subfield code="0">0</subfield>
    <subfield code="1">0</subfield>
    <subfield code="2">ddc</subfield>
    <subfield code="4">0</subfield>
    <subfield code="5">6</subfield>
    <subfield code="7">0</subfield>
    <subfield code="8">SE</subfield>
    <subfield code="a">BNPHU</subfield>
    <subfield code="b">BNPHU</subfield>
    <subfield code="d">2025-01-27</subfield>
    <subfield code="h">Volumen 6. No. 25. Noviembre 2009</subfield>
    <subfield code="l">0</subfield>
    <subfield code="p">2025-0490</subfield>
    <subfield code="r">2025-01-27</subfield>
    <subfield code="t">e.1</subfield>
    <subfield code="w">2025-01-27</subfield>
    <subfield code="y">ISSUE</subfield>
  </datafield>
  <datafield tag="952" ind1=" " ind2=" ">
    <subfield code="0">0</subfield>
    <subfield code="1">0</subfield>
    <subfield code="2">ddc</subfield>
    <subfield code="4">0</subfield>
    <subfield code="5">6</subfield>
    <subfield code="7">0</subfield>
    <subfield code="8">SE</subfield>
    <subfield code="a">BNPHU</subfield>
    <subfield code="b">BNPHU</subfield>
    <subfield code="d">2025-01-27</subfield>
    <subfield code="h">Volumen 7. No. 28. Julio 2010</subfield>
    <subfield code="l">0</subfield>
    <subfield code="p">2025-0491</subfield>
    <subfield code="r">2025-01-27</subfield>
    <subfield code="t">e.1</subfield>
    <subfield code="w">2025-01-27</subfield>
    <subfield code="y">ISSUE</subfield>
  </datafield>
  <datafield tag="952" ind1=" " ind2=" ">
    <subfield code="0">0</subfield>
    <subfield code="1">0</subfield>
    <subfield code="2">ddc</subfield>
    <subfield code="4">0</subfield>
    <subfield code="5">6</subfield>
    <subfield code="7">0</subfield>
    <subfield code="8">SE</subfield>
    <subfield code="a">BNPHU</subfield>
    <subfield code="b">BNPHU</subfield>
    <subfield code="d">2025-01-27</subfield>
    <subfield code="h">Volumen 8. No. 31. Febrero 2011</subfield>
    <subfield code="l">0</subfield>
    <subfield code="p">2025-0492</subfield>
    <subfield code="r">2025-01-27</subfield>
    <subfield code="t">e.1</subfield>
    <subfield code="w">2025-01-27</subfield>
    <subfield code="y">ISSUE</subfield>
  </datafield>
  <datafield tag="952" ind1=" " ind2=" ">
    <subfield code="0">0</subfield>
    <subfield code="1">0</subfield>
    <subfield code="2">ddc</subfield>
    <subfield code="4">0</subfield>
    <subfield code="5">6</subfield>
    <subfield code="7">0</subfield>
    <subfield code="8">SE</subfield>
    <subfield code="a">BNPHU</subfield>
    <subfield code="b">BNPHU</subfield>
    <subfield code="d">2025-01-27</subfield>
    <subfield code="h">Volumen 8. No. 31. Febrero 2011</subfield>
    <subfield code="l">0</subfield>
    <subfield code="p">2025-0493</subfield>
    <subfield code="r">2025-01-27</subfield>
    <subfield code="t">e.2</subfield>
    <subfield code="w">2025-01-27</subfield>
    <subfield code="y">ISSUE</subfield>
  </datafield>
  <datafield tag="952" ind1=" " ind2=" ">
    <subfield code="0">0</subfield>
    <subfield code="1">0</subfield>
    <subfield code="2">ddc</subfield>
    <subfield code="4">0</subfield>
    <subfield code="5">6</subfield>
    <subfield code="7">0</subfield>
    <subfield code="8">SE</subfield>
    <subfield code="a">BNPHU</subfield>
    <subfield code="b">BNPHU</subfield>
    <subfield code="d">2025-01-27</subfield>
    <subfield code="h">Volumen 8. No. 32. Junio 2011</subfield>
    <subfield code="l">0</subfield>
    <subfield code="p">2025-0494</subfield>
    <subfield code="r">2025-01-27</subfield>
    <subfield code="t">e.1</subfield>
    <subfield code="w">2025-01-27</subfield>
    <subfield code="y">ISSUE</subfield>
  </datafield>
  <datafield tag="952" ind1=" " ind2=" ">
    <subfield code="0">0</subfield>
    <subfield code="1">0</subfield>
    <subfield code="2">ddc</subfield>
    <subfield code="4">0</subfield>
    <subfield code="5">6</subfield>
    <subfield code="7">0</subfield>
    <subfield code="8">SE</subfield>
    <subfield code="a">BNPHU</subfield>
    <subfield code="b">BNPHU</subfield>
    <subfield code="d">2025-01-27</subfield>
    <subfield code="h">Volumen 8. No. 32. Junio 2011</subfield>
    <subfield code="l">0</subfield>
    <subfield code="p">2025-0495</subfield>
    <subfield code="r">2025-01-27</subfield>
    <subfield code="t">e.2</subfield>
    <subfield code="w">2025-01-27</subfield>
    <subfield code="y">ISSUE</subfield>
  </datafield>
  <datafield tag="952" ind1=" " ind2=" ">
    <subfield code="0">0</subfield>
    <subfield code="1">0</subfield>
    <subfield code="2">ddc</subfield>
    <subfield code="4">0</subfield>
    <subfield code="5">6</subfield>
    <subfield code="7">0</subfield>
    <subfield code="8">SE</subfield>
    <subfield code="a">BNPHU</subfield>
    <subfield code="b">BNPHU</subfield>
    <subfield code="d">2025-01-27</subfield>
    <subfield code="h">Volumen 10. No. 35. Octubre 2013</subfield>
    <subfield code="l">0</subfield>
    <subfield code="p">2025-0496</subfield>
    <subfield code="r">2025-01-27</subfield>
    <subfield code="t">e.1</subfield>
    <subfield code="w">2025-01-27</subfield>
    <subfield code="y">ISSUE</subfield>
  </datafield>
  <datafield tag="952" ind1=" " ind2=" ">
    <subfield code="0">0</subfield>
    <subfield code="1">0</subfield>
    <subfield code="2">ddc</subfield>
    <subfield code="4">0</subfield>
    <subfield code="5">6</subfield>
    <subfield code="7">0</subfield>
    <subfield code="8">SE</subfield>
    <subfield code="a">BNPHU</subfield>
    <subfield code="b">BNPHU</subfield>
    <subfield code="d">2025-01-27</subfield>
    <subfield code="h">Volumen 10. No. 35. Octubre 2013</subfield>
    <subfield code="l">0</subfield>
    <subfield code="p">2025-0497</subfield>
    <subfield code="r">2025-01-27</subfield>
    <subfield code="t">e.2</subfield>
    <subfield code="w">2025-01-27</subfield>
    <subfield code="y">ISSUE</subfield>
  </datafield>
  <datafield tag="952" ind1=" " ind2=" ">
    <subfield code="0">0</subfield>
    <subfield code="1">0</subfield>
    <subfield code="2">ddc</subfield>
    <subfield code="4">0</subfield>
    <subfield code="5">6</subfield>
    <subfield code="7">0</subfield>
    <subfield code="8">SE</subfield>
    <subfield code="a">BNPHU</subfield>
    <subfield code="b">BNPHU</subfield>
    <subfield code="d">2025-01-27</subfield>
    <subfield code="h">Volumen 10. No. 35. Octubre 2013</subfield>
    <subfield code="l">0</subfield>
    <subfield code="p">2025-0498</subfield>
    <subfield code="r">2025-01-27</subfield>
    <subfield code="t">e.3</subfield>
    <subfield code="w">2025-01-27</subfield>
    <subfield code="y">ISSUE</subfield>
  </datafield>
  <datafield tag="952" ind1=" " ind2=" ">
    <subfield code="0">0</subfield>
    <subfield code="1">0</subfield>
    <subfield code="2">ddc</subfield>
    <subfield code="4">0</subfield>
    <subfield code="5">6</subfield>
    <subfield code="7">0</subfield>
    <subfield code="8">SE</subfield>
    <subfield code="a">BNPHU</subfield>
    <subfield code="b">BNPHU</subfield>
    <subfield code="d">2025-01-27</subfield>
    <subfield code="h">Volumen 10. No. 35. Octubre 2013</subfield>
    <subfield code="l">0</subfield>
    <subfield code="p">2025-0499</subfield>
    <subfield code="r">2025-01-27</subfield>
    <subfield code="t">e.4</subfield>
    <subfield code="w">2025-01-27</subfield>
    <subfield code="y">ISSUE</subfield>
  </datafield>
  <datafield tag="952" ind1=" " ind2=" ">
    <subfield code="0">0</subfield>
    <subfield code="1">0</subfield>
    <subfield code="2">ddc</subfield>
    <subfield code="4">0</subfield>
    <subfield code="5">6</subfield>
    <subfield code="7">0</subfield>
    <subfield code="8">SE</subfield>
    <subfield code="a">BNPHU</subfield>
    <subfield code="b">BNPHU</subfield>
    <subfield code="d">2025-01-27</subfield>
    <subfield code="h">Volumen 11. No. 36. Agosto 2014</subfield>
    <subfield code="l">0</subfield>
    <subfield code="p">2025-0501</subfield>
    <subfield code="r">2025-01-27</subfield>
    <subfield code="t">e.1</subfield>
    <subfield code="w">2025-01-27</subfield>
    <subfield code="y">ISSUE</subfield>
  </datafield>
  <datafield tag="952" ind1=" " ind2=" ">
    <subfield code="0">0</subfield>
    <subfield code="1">0</subfield>
    <subfield code="2">ddc</subfield>
    <subfield code="4">0</subfield>
    <subfield code="5">6</subfield>
    <subfield code="7">0</subfield>
    <subfield code="8">SE</subfield>
    <subfield code="a">BNPHU</subfield>
    <subfield code="b">BNPHU</subfield>
    <subfield code="d">2025-01-27</subfield>
    <subfield code="h">Volumen 12. No. 39. Septiembre 2015</subfield>
    <subfield code="l">0</subfield>
    <subfield code="p">2025-0502</subfield>
    <subfield code="r">2025-01-27</subfield>
    <subfield code="t">e.1</subfield>
    <subfield code="w">2025-01-27</subfield>
    <subfield code="y">ISSUE</subfield>
  </datafield>
  <datafield tag="952" ind1=" " ind2=" ">
    <subfield code="0">0</subfield>
    <subfield code="1">0</subfield>
    <subfield code="2">ddc</subfield>
    <subfield code="4">0</subfield>
    <subfield code="5">6</subfield>
    <subfield code="7">0</subfield>
    <subfield code="8">SE</subfield>
    <subfield code="a">BNPHU</subfield>
    <subfield code="b">BNPHU</subfield>
    <subfield code="d">2025-01-27</subfield>
    <subfield code="h">Volumen 12. No. 39. Septiembre 2015</subfield>
    <subfield code="l">0</subfield>
    <subfield code="p">2025-0503</subfield>
    <subfield code="r">2025-01-27</subfield>
    <subfield code="t">e.2</subfield>
    <subfield code="w">2025-01-27</subfield>
    <subfield code="y">ISSUE</subfield>
  </datafield>
  <datafield tag="952" ind1=" " ind2=" ">
    <subfield code="0">0</subfield>
    <subfield code="1">0</subfield>
    <subfield code="2">ddc</subfield>
    <subfield code="4">0</subfield>
    <subfield code="5">6</subfield>
    <subfield code="7">0</subfield>
    <subfield code="8">SE</subfield>
    <subfield code="a">BNPHU</subfield>
    <subfield code="b">BNPHU</subfield>
    <subfield code="d">2025-01-27</subfield>
    <subfield code="h">Volumen 12. No. 39. Septiembre 2015</subfield>
    <subfield code="l">0</subfield>
    <subfield code="p">2025-0504</subfield>
    <subfield code="r">2025-01-27</subfield>
    <subfield code="t">e.3</subfield>
    <subfield code="w">2025-01-27</subfield>
    <subfield code="y">ISSUE</subfield>
  </datafield>
  <datafield tag="952" ind1=" " ind2=" ">
    <subfield code="0">0</subfield>
    <subfield code="1">0</subfield>
    <subfield code="2">ddc</subfield>
    <subfield code="4">0</subfield>
    <subfield code="5">6</subfield>
    <subfield code="7">0</subfield>
    <subfield code="8">SE</subfield>
    <subfield code="a">BNPHU</subfield>
    <subfield code="b">BNPHU</subfield>
    <subfield code="d">2025-01-27</subfield>
    <subfield code="h">Volumen 12. No. 39. Septiembre 2015</subfield>
    <subfield code="l">0</subfield>
    <subfield code="p">2025-0505</subfield>
    <subfield code="r">2025-01-27</subfield>
    <subfield code="t">e.4</subfield>
    <subfield code="w">2025-01-27</subfield>
    <subfield code="y">ISSUE</subfield>
  </datafield>
  <datafield tag="952" ind1=" " ind2=" ">
    <subfield code="0">0</subfield>
    <subfield code="1">0</subfield>
    <subfield code="2">ddc</subfield>
    <subfield code="4">0</subfield>
    <subfield code="5">6</subfield>
    <subfield code="7">0</subfield>
    <subfield code="8">SE</subfield>
    <subfield code="a">BNPHU</subfield>
    <subfield code="b">BNPHU</subfield>
    <subfield code="d">2025-01-27</subfield>
    <subfield code="h">Volumen 12. No. 39. Septiembre 2015</subfield>
    <subfield code="l">0</subfield>
    <subfield code="p">2025-0506</subfield>
    <subfield code="r">2025-01-27</subfield>
    <subfield code="t">e.5</subfield>
    <subfield code="w">2025-01-27</subfield>
    <subfield code="y">ISSUE</subfield>
  </datafield>
  <datafield tag="952" ind1=" " ind2=" ">
    <subfield code="0">0</subfield>
    <subfield code="1">0</subfield>
    <subfield code="2">ddc</subfield>
    <subfield code="4">0</subfield>
    <subfield code="5">6</subfield>
    <subfield code="7">0</subfield>
    <subfield code="8">SE</subfield>
    <subfield code="a">BNPHU</subfield>
    <subfield code="b">BNPHU</subfield>
    <subfield code="d">2025-01-27</subfield>
    <subfield code="h">Volumen 13. No. 40. Febrero 2016</subfield>
    <subfield code="l">0</subfield>
    <subfield code="p">2025-0508</subfield>
    <subfield code="r">2025-01-27</subfield>
    <subfield code="t">e.1</subfield>
    <subfield code="w">2025-01-27</subfield>
    <subfield code="y">ISSUE</subfield>
  </datafield>
  <datafield tag="952" ind1=" " ind2=" ">
    <subfield code="0">0</subfield>
    <subfield code="1">0</subfield>
    <subfield code="2">ddc</subfield>
    <subfield code="4">0</subfield>
    <subfield code="5">6</subfield>
    <subfield code="7">0</subfield>
    <subfield code="8">SE</subfield>
    <subfield code="a">BNPHU</subfield>
    <subfield code="b">BNPHU</subfield>
    <subfield code="d">2025-01-27</subfield>
    <subfield code="h">Volumen 13. No. 40. Febrero 2016</subfield>
    <subfield code="l">0</subfield>
    <subfield code="p">2025-0509</subfield>
    <subfield code="r">2025-01-27</subfield>
    <subfield code="t">e.2</subfield>
    <subfield code="w">2025-01-27</subfield>
    <subfield code="y">ISSUE</subfield>
  </datafield>
  <datafield tag="952" ind1=" " ind2=" ">
    <subfield code="0">0</subfield>
    <subfield code="1">0</subfield>
    <subfield code="2">ddc</subfield>
    <subfield code="4">0</subfield>
    <subfield code="5">6</subfield>
    <subfield code="7">0</subfield>
    <subfield code="8">SE</subfield>
    <subfield code="a">BNPHU</subfield>
    <subfield code="b">BNPHU</subfield>
    <subfield code="d">2025-01-27</subfield>
    <subfield code="h">Volumen 14. No. 42. Septiembre 2017</subfield>
    <subfield code="l">0</subfield>
    <subfield code="p">2025-0510</subfield>
    <subfield code="r">2025-01-27</subfield>
    <subfield code="t">e.1</subfield>
    <subfield code="w">2025-01-27</subfield>
    <subfield code="y">ISSUE</subfield>
  </datafield>
  <datafield tag="952" ind1=" " ind2=" ">
    <subfield code="0">0</subfield>
    <subfield code="1">0</subfield>
    <subfield code="2">ddc</subfield>
    <subfield code="4">0</subfield>
    <subfield code="5">6</subfield>
    <subfield code="7">0</subfield>
    <subfield code="8">SE</subfield>
    <subfield code="a">BNPHU</subfield>
    <subfield code="b">BNPHU</subfield>
    <subfield code="d">2025-01-27</subfield>
    <subfield code="h">Volumen 14. No. 42. Septiembre 2017</subfield>
    <subfield code="l">0</subfield>
    <subfield code="p">2025-0511</subfield>
    <subfield code="r">2025-01-27</subfield>
    <subfield code="t">e.2</subfield>
    <subfield code="w">2025-01-27</subfield>
    <subfield code="y">ISSUE</subfield>
  </datafield>
  <datafield tag="952" ind1=" " ind2=" ">
    <subfield code="0">0</subfield>
    <subfield code="1">0</subfield>
    <subfield code="2">ddc</subfield>
    <subfield code="4">0</subfield>
    <subfield code="5">6</subfield>
    <subfield code="7">0</subfield>
    <subfield code="8">SE</subfield>
    <subfield code="a">BNPHU</subfield>
    <subfield code="b">BNPHU</subfield>
    <subfield code="d">2025-01-27</subfield>
    <subfield code="h">Volumen 15. No. 43. Mayo 2018</subfield>
    <subfield code="l">0</subfield>
    <subfield code="p">2025-0512</subfield>
    <subfield code="r">2025-01-27</subfield>
    <subfield code="t">e.1</subfield>
    <subfield code="w">2025-01-27</subfield>
    <subfield code="y">ISSUE</subfield>
  </datafield>
  <datafield tag="952" ind1=" " ind2=" ">
    <subfield code="0">0</subfield>
    <subfield code="1">0</subfield>
    <subfield code="2">ddc</subfield>
    <subfield code="4">0</subfield>
    <subfield code="5">6</subfield>
    <subfield code="7">0</subfield>
    <subfield code="8">SE</subfield>
    <subfield code="a">BNPHU</subfield>
    <subfield code="b">BNPHU</subfield>
    <subfield code="d">2025-01-27</subfield>
    <subfield code="h">Volumen 15. No. 43. Mayo 2018</subfield>
    <subfield code="l">0</subfield>
    <subfield code="p">2025-0513</subfield>
    <subfield code="r">2025-01-27</subfield>
    <subfield code="t">e.2</subfield>
    <subfield code="w">2025-01-27</subfield>
    <subfield code="y">ISSUE</subfield>
  </datafield>
  <datafield tag="952" ind1=" " ind2=" ">
    <subfield code="0">0</subfield>
    <subfield code="1">0</subfield>
    <subfield code="2">ddc</subfield>
    <subfield code="4">0</subfield>
    <subfield code="5">6</subfield>
    <subfield code="7">0</subfield>
    <subfield code="8">SE</subfield>
    <subfield code="a">BNPHU</subfield>
    <subfield code="b">BNPHU</subfield>
    <subfield code="d">2025-01-27</subfield>
    <subfield code="h">Volumen 16. No. 44. Marzo 2019</subfield>
    <subfield code="l">0</subfield>
    <subfield code="p">2025-0514</subfield>
    <subfield code="r">2025-01-27</subfield>
    <subfield code="t">e.1</subfield>
    <subfield code="w">2025-01-27</subfield>
    <subfield code="y">ISSUE</subfield>
  </datafield>
  <datafield tag="952" ind1=" " ind2=" ">
    <subfield code="0">0</subfield>
    <subfield code="1">0</subfield>
    <subfield code="2">ddc</subfield>
    <subfield code="4">0</subfield>
    <subfield code="5">6</subfield>
    <subfield code="7">0</subfield>
    <subfield code="8">SE</subfield>
    <subfield code="a">BNPHU</subfield>
    <subfield code="b">BNPHU</subfield>
    <subfield code="d">2025-01-27</subfield>
    <subfield code="h">Volumen 16. No. 44. Marzo 2019</subfield>
    <subfield code="l">0</subfield>
    <subfield code="p">2025-0515</subfield>
    <subfield code="r">2025-01-27</subfield>
    <subfield code="t">e.2</subfield>
    <subfield code="w">2025-01-27</subfield>
    <subfield code="y">ISSUE</subfield>
  </datafield>
  <datafield tag="952" ind1=" " ind2=" ">
    <subfield code="0">0</subfield>
    <subfield code="1">0</subfield>
    <subfield code="2">ddc</subfield>
    <subfield code="4">0</subfield>
    <subfield code="5">6</subfield>
    <subfield code="7">0</subfield>
    <subfield code="8">SE</subfield>
    <subfield code="a">BNPHU</subfield>
    <subfield code="b">BNPHU</subfield>
    <subfield code="d">2025-01-27</subfield>
    <subfield code="h">Volumen 16. No. 44. Marzo 2019</subfield>
    <subfield code="l">0</subfield>
    <subfield code="p">2025-0516</subfield>
    <subfield code="r">2025-01-27</subfield>
    <subfield code="t">e.3</subfield>
    <subfield code="w">2025-01-27</subfield>
    <subfield code="y">ISSUE</subfield>
  </datafield>
  <datafield tag="952" ind1=" " ind2=" ">
    <subfield code="0">0</subfield>
    <subfield code="1">0</subfield>
    <subfield code="2">ddc</subfield>
    <subfield code="4">0</subfield>
    <subfield code="5">6</subfield>
    <subfield code="7">0</subfield>
    <subfield code="8">SE</subfield>
    <subfield code="a">BNPHU</subfield>
    <subfield code="b">BNPHU</subfield>
    <subfield code="d">2025-01-27</subfield>
    <subfield code="h">Volumen 16. No. 45. Septiembre 2019</subfield>
    <subfield code="l">0</subfield>
    <subfield code="p">2025-0517</subfield>
    <subfield code="r">2025-01-27</subfield>
    <subfield code="t">e.1</subfield>
    <subfield code="w">2025-01-27</subfield>
    <subfield code="y">ISSUE</subfield>
  </datafield>
  <datafield tag="952" ind1=" " ind2=" ">
    <subfield code="0">0</subfield>
    <subfield code="1">0</subfield>
    <subfield code="2">ddc</subfield>
    <subfield code="4">0</subfield>
    <subfield code="5">6</subfield>
    <subfield code="7">0</subfield>
    <subfield code="8">SE</subfield>
    <subfield code="a">BNPHU</subfield>
    <subfield code="b">BNPHU</subfield>
    <subfield code="d">2025-01-27</subfield>
    <subfield code="h">Volumen 16. No. 45. Septiembre 2019</subfield>
    <subfield code="l">0</subfield>
    <subfield code="p">2025-0518</subfield>
    <subfield code="r">2025-01-27</subfield>
    <subfield code="t">e.2</subfield>
    <subfield code="w">2025-01-27</subfield>
    <subfield code="y">ISSUE</subfield>
  </datafield>
  <datafield tag="952" ind1=" " ind2=" ">
    <subfield code="0">0</subfield>
    <subfield code="1">0</subfield>
    <subfield code="2">ddc</subfield>
    <subfield code="4">0</subfield>
    <subfield code="5">6</subfield>
    <subfield code="7">0</subfield>
    <subfield code="8">SE</subfield>
    <subfield code="a">BNPHU</subfield>
    <subfield code="b">BNPHU</subfield>
    <subfield code="d">2025-01-27</subfield>
    <subfield code="h">Volumen 16. No. 45. Septiembre 2019</subfield>
    <subfield code="l">0</subfield>
    <subfield code="p">2025-0519</subfield>
    <subfield code="r">2025-01-27</subfield>
    <subfield code="t">e.3</subfield>
    <subfield code="w">2025-01-27</subfield>
    <subfield code="y">ISSUE</subfield>
  </datafield>
  <datafield tag="952" ind1=" " ind2=" ">
    <subfield code="0">0</subfield>
    <subfield code="1">0</subfield>
    <subfield code="2">ddc</subfield>
    <subfield code="4">0</subfield>
    <subfield code="5">6</subfield>
    <subfield code="7">0</subfield>
    <subfield code="8">SE</subfield>
    <subfield code="a">BNPHU</subfield>
    <subfield code="b">BNPHU</subfield>
    <subfield code="d">2025-01-27</subfield>
    <subfield code="h">Volumen 17. No. 46. Diciembre 2021</subfield>
    <subfield code="l">0</subfield>
    <subfield code="p">2025-0520</subfield>
    <subfield code="r">2025-01-27</subfield>
    <subfield code="t">e.1</subfield>
    <subfield code="w">2025-01-27</subfield>
    <subfield code="y">ISSUE</subfield>
  </datafield>
  <datafield tag="952" ind1=" " ind2=" ">
    <subfield code="0">0</subfield>
    <subfield code="1">0</subfield>
    <subfield code="2">ddc</subfield>
    <subfield code="4">0</subfield>
    <subfield code="5">6</subfield>
    <subfield code="7">0</subfield>
    <subfield code="8">SE</subfield>
    <subfield code="a">BNPHU</subfield>
    <subfield code="b">BNPHU</subfield>
    <subfield code="d">2025-01-27</subfield>
    <subfield code="h">Volumen 17. No. 46. Diciembre 2021</subfield>
    <subfield code="l">0</subfield>
    <subfield code="p">2025-0521</subfield>
    <subfield code="r">2025-01-27</subfield>
    <subfield code="t">e.2</subfield>
    <subfield code="w">2025-01-27</subfield>
    <subfield code="y">ISSUE</subfield>
  </datafield>
  <datafield tag="952" ind1=" " ind2=" ">
    <subfield code="0">0</subfield>
    <subfield code="1">0</subfield>
    <subfield code="2">ddc</subfield>
    <subfield code="4">0</subfield>
    <subfield code="5">6</subfield>
    <subfield code="7">0</subfield>
    <subfield code="8">SE</subfield>
    <subfield code="a">BNPHU</subfield>
    <subfield code="b">BNPHU</subfield>
    <subfield code="d">2025-01-27</subfield>
    <subfield code="h">Volumen 17. No. 46. Diciembre 2021</subfield>
    <subfield code="l">0</subfield>
    <subfield code="p">2025-0522</subfield>
    <subfield code="r">2025-01-27</subfield>
    <subfield code="t">e.3</subfield>
    <subfield code="w">2025-01-27</subfield>
    <subfield code="y">ISSUE</subfield>
  </datafield>
  <datafield tag="952" ind1=" " ind2=" ">
    <subfield code="0">0</subfield>
    <subfield code="1">0</subfield>
    <subfield code="2">ddc</subfield>
    <subfield code="4">0</subfield>
    <subfield code="5">6</subfield>
    <subfield code="7">0</subfield>
    <subfield code="8">SE</subfield>
    <subfield code="a">BNPHU</subfield>
    <subfield code="b">BNPHU</subfield>
    <subfield code="d">2025-01-27</subfield>
    <subfield code="h">Volumen 18. No. 47. Agosto 2022</subfield>
    <subfield code="l">0</subfield>
    <subfield code="p">2025-0523</subfield>
    <subfield code="r">2025-01-27</subfield>
    <subfield code="t">e.1</subfield>
    <subfield code="w">2025-01-27</subfield>
    <subfield code="y">ISSUE</subfield>
  </datafield>
  <datafield tag="952" ind1=" " ind2=" ">
    <subfield code="0">0</subfield>
    <subfield code="1">0</subfield>
    <subfield code="2">ddc</subfield>
    <subfield code="4">0</subfield>
    <subfield code="5">6</subfield>
    <subfield code="7">0</subfield>
    <subfield code="8">SE</subfield>
    <subfield code="a">BNPHU</subfield>
    <subfield code="b">BNPHU</subfield>
    <subfield code="d">2025-01-27</subfield>
    <subfield code="h">Volumen 18. No. 47. Agosto 2022</subfield>
    <subfield code="l">0</subfield>
    <subfield code="p">2025-0524</subfield>
    <subfield code="r">2025-01-27</subfield>
    <subfield code="t">e.2</subfield>
    <subfield code="w">2025-01-27</subfield>
    <subfield code="y">ISSUE</subfield>
  </datafield>
  <datafield tag="952" ind1=" " ind2=" ">
    <subfield code="0">0</subfield>
    <subfield code="1">0</subfield>
    <subfield code="2">ddc</subfield>
    <subfield code="4">0</subfield>
    <subfield code="5">6</subfield>
    <subfield code="7">0</subfield>
    <subfield code="8">SE</subfield>
    <subfield code="a">BNPHU</subfield>
    <subfield code="b">BNPHU</subfield>
    <subfield code="d">2025-01-27</subfield>
    <subfield code="h">Volumen 18. No. 47. Agosto 2022</subfield>
    <subfield code="l">0</subfield>
    <subfield code="p">2025-0525</subfield>
    <subfield code="r">2025-01-27</subfield>
    <subfield code="t">e.3</subfield>
    <subfield code="w">2025-01-27</subfield>
    <subfield code="y">ISSUE</subfield>
  </datafield>
  <datafield tag="952" ind1=" " ind2=" ">
    <subfield code="0">0</subfield>
    <subfield code="1">0</subfield>
    <subfield code="2">ddc</subfield>
    <subfield code="4">0</subfield>
    <subfield code="5">6</subfield>
    <subfield code="7">0</subfield>
    <subfield code="8">SE</subfield>
    <subfield code="a">BNPHU</subfield>
    <subfield code="b">BNPHU</subfield>
    <subfield code="d">2025-02-10</subfield>
    <subfield code="h">Volumen 12. No. 39. Septiembre 2015</subfield>
    <subfield code="l">0</subfield>
    <subfield code="p">2025-0849</subfield>
    <subfield code="r">2025-02-10</subfield>
    <subfield code="t">e.6</subfield>
    <subfield code="w">2025-02-10</subfield>
    <subfield code="y">ISSUE</subfield>
    <subfield code="z">Ambar Dominicano: Origen y Ocurrencias.</subfield>
  </datafield>
  <datafield tag="952" ind1=" " ind2=" ">
    <subfield code="0">0</subfield>
    <subfield code="1">0</subfield>
    <subfield code="2">ddc</subfield>
    <subfield code="4">0</subfield>
    <subfield code="5">6</subfield>
    <subfield code="7">0</subfield>
    <subfield code="8">SE</subfield>
    <subfield code="a">BNPHU</subfield>
    <subfield code="b">BNPHU</subfield>
    <subfield code="d">2025-02-10</subfield>
    <subfield code="h">Volumen 12. No. 39. Septiembre 2015</subfield>
    <subfield code="l">0</subfield>
    <subfield code="p">2025-0850</subfield>
    <subfield code="r">2025-02-10</subfield>
    <subfield code="t">e.7</subfield>
    <subfield code="w">2025-02-10</subfield>
    <subfield code="y">ISSUE</subfield>
    <subfield code="z">Ambar Dominicano: Origen y Ocurrencias.</subfield>
  </datafield>
  <datafield tag="952" ind1=" " ind2=" ">
    <subfield code="0">0</subfield>
    <subfield code="1">0</subfield>
    <subfield code="2">ddc</subfield>
    <subfield code="4">0</subfield>
    <subfield code="5">6</subfield>
    <subfield code="7">0</subfield>
    <subfield code="8">SE</subfield>
    <subfield code="a">BNPHU</subfield>
    <subfield code="b">BNPHU</subfield>
    <subfield code="d">2025-02-10</subfield>
    <subfield code="h">Volumen 14. No. 42. Septiembre 2017</subfield>
    <subfield code="l">0</subfield>
    <subfield code="p">2025-0851</subfield>
    <subfield code="r">2025-02-10</subfield>
    <subfield code="t">e.3</subfield>
    <subfield code="w">2025-02-10</subfield>
    <subfield code="y">ISSUE</subfield>
    <subfield code="z">Islandia: Uno de los impresionantes lugares a done hemos de regresar.</subfield>
  </datafield>
  <datafield tag="952" ind1=" " ind2=" ">
    <subfield code="0">0</subfield>
    <subfield code="1">0</subfield>
    <subfield code="2">ddc</subfield>
    <subfield code="4">0</subfield>
    <subfield code="5">6</subfield>
    <subfield code="7">0</subfield>
    <subfield code="8">SE</subfield>
    <subfield code="a">BNPHU</subfield>
    <subfield code="b">BNPHU</subfield>
    <subfield code="d">2025-02-10</subfield>
    <subfield code="h">Volumen 14. No. 42. Septiembre 2017</subfield>
    <subfield code="l">0</subfield>
    <subfield code="p">2025-0852</subfield>
    <subfield code="r">2025-02-10</subfield>
    <subfield code="t">e.4</subfield>
    <subfield code="w">2025-02-10</subfield>
    <subfield code="y">ISSUE</subfield>
    <subfield code="z">Islandia: Uno de los impresionantes lugares a done hemos de regresar.</subfield>
  </datafield>
  <datafield tag="952" ind1=" " ind2=" ">
    <subfield code="0">0</subfield>
    <subfield code="1">0</subfield>
    <subfield code="2">ddc</subfield>
    <subfield code="4">0</subfield>
    <subfield code="5">6</subfield>
    <subfield code="7">0</subfield>
    <subfield code="8">SE</subfield>
    <subfield code="a">BNPHU</subfield>
    <subfield code="b">BNPHU</subfield>
    <subfield code="d">2025-02-10</subfield>
    <subfield code="h">Volumen 16. No. 44. Marzo 2019</subfield>
    <subfield code="l">0</subfield>
    <subfield code="p">2025-0854</subfield>
    <subfield code="r">2025-02-10</subfield>
    <subfield code="t">e.4</subfield>
    <subfield code="w">2025-02-10</subfield>
    <subfield code="y">ISSUE</subfield>
    <subfield code="z">Ingenier&#xED;a Geol&#xF3;gica para el desarrollo de medidas de prevenci&#xF3;n, mitigaci&#xF3;n de riesgos geol&#xF3;gicos, s&#xED;smicos y ambientales </subfield>
  </datafield>
  <datafield tag="952" ind1=" " ind2=" ">
    <subfield code="0">0</subfield>
    <subfield code="1">0</subfield>
    <subfield code="2">ddc</subfield>
    <subfield code="4">0</subfield>
    <subfield code="5">6</subfield>
    <subfield code="7">0</subfield>
    <subfield code="8">SE</subfield>
    <subfield code="a">BNPHU</subfield>
    <subfield code="b">BNPHU</subfield>
    <subfield code="d">2025-02-10</subfield>
    <subfield code="h">Volumen 16. No. 44. Marzo 2019</subfield>
    <subfield code="l">0</subfield>
    <subfield code="p">2025-0855</subfield>
    <subfield code="r">2025-02-10</subfield>
    <subfield code="t">e.5</subfield>
    <subfield code="w">2025-02-10</subfield>
    <subfield code="y">ISSUE</subfield>
    <subfield code="z">Ingenier&#xED;a Geol&#xF3;gica para el desarrollo de medidas de prevenci&#xF3;n, mitigaci&#xF3;n de riesgos geol&#xF3;gicos, s&#xED;smicos y ambientales </subfield>
  </datafield>
  <datafield tag="952" ind1=" " ind2=" ">
    <subfield code="0">0</subfield>
    <subfield code="1">0</subfield>
    <subfield code="2">ddc</subfield>
    <subfield code="4">0</subfield>
    <subfield code="5">6</subfield>
    <subfield code="7">0</subfield>
    <subfield code="8">SE</subfield>
    <subfield code="a">BNPHU</subfield>
    <subfield code="b">BNPHU</subfield>
    <subfield code="d">2025-02-10</subfield>
    <subfield code="h">Volumen 16. No. 44. Marzo 2019</subfield>
    <subfield code="l">0</subfield>
    <subfield code="p">2025-0856</subfield>
    <subfield code="r">2025-02-10</subfield>
    <subfield code="t">e.6</subfield>
    <subfield code="w">2025-02-10</subfield>
    <subfield code="y">ISSUE</subfield>
    <subfield code="z">Ingenier&#xED;a Geol&#xF3;gica para el desarrollo de medidas de prevenci&#xF3;n, mitigaci&#xF3;n de riesgos geol&#xF3;gicos, s&#xED;smicos y ambientales </subfield>
  </datafield>
  <datafield tag="999" ind1=" " ind2=" ">
    <subfield code="c">58091</subfield>
    <subfield code="d">58091</subfield>
  </datafield>
</record>
